000 01500 a2200313 4500
003 Nust
005 20170207154044.0
010 _a 2008007637
020 _a0470059281 (cloth/cd)
020 _a9780470059289 (cloth/cd)
035 _a(OCoLC)191753033
035 _a(OCoLC)ocn191753033
040 _cNust
082 0 0 _a332.6
100 1 _aBacon, Carl R.
245 1 0 _aPractical portfolio performance :measurement and attribution -(E-BOOK)
_cCarl R Bacon.
_h332.6
250 _a2nd ed.
260 _aChichester, England ;
_aHoboken, NJ :
_bWiley,
_cc2008.
300 _axiv, 384 p. :
_bill. ;
_c26 cm. +
_e1 CD-ROM
490 1 _aWiley finance
505 _aIntroduction (Page-1),The Mathematics of Portfolio Return (Page-5),Benchmarks (Page-39),Risk (Page-61),Performance Attribution (Page-117),Multi-currency Attribution (Page-135),Fixed Income Attribution (Page-171),Multi-period Attribution (Page-191),Further Attribution Issues (Page-209), Performance Measurement for Derivatives (Page-227),Performance Presentation Standards (Page-247).
650 0 _aInvestment analysis.
650 0 _aPortfolio management.
651 _aE-BOOK
830 0 _aWiley finance series.
856 4 2 _3Contributor biographical information
_uhttp://www.loc.gov/catdir/enhancements/fy0828/2008007637-b.html
856 4 2 _3Publisher description
_uhttp://www.loc.gov/catdir/enhancements/fy0827/2008007637-d.html
856 4 2 _3Table of contents only
_uhttp://www.loc.gov/catdir/enhancements/fy0827/2008007637-t.html
942 _2ddc
_cBK
999 _c192766
_d192766